000 01516cam a2200301 i 4500
003 SA-RiAUC
005 20250215055549.0
008 250211s1991 su g 00000dara c
040 _aSA-RiAUC
_bara
_cSA-RiAUC
_erda
082 0 4 _a258.3
_qSA-RiAUC
090 _a258.3
_bا ب ن ب
100 1 _aابن باطيش، إسماعيل بن هبة الله بن سعيد،
_d575-655 هجري
_eمؤلف.
245 1 2 _aالمغني في الأنباء عن غريب المهذب والأسماء /
_cتأليف عماد الدين أبي المجد إسماعيل بن أبي البركات بن باطيش ؛ تحقيق مصطفى عبد الحفيظ سالم.
250 _aالطبعة الأولى.
264 1 _aمكة المكرمة :
_bالمكتبة التجارية،
_c1991
300 _a3 مجلد ؛
_c24 سم
336 _aنص
_btxt
_2rdacontent
_3كتاب
337 _aبدون وسيط
_bn
_2rdamedia
338 _aمجلد
_bnc
_2rdacarrier
505 2 _aالمحتويات : مجلد 3. فهارس كتاب المغني في الأنباء عن غريب المهذب والأسماء.
650 7 _aالفقه الشافعي
_2aucsh
650 7 _aالفقهاء الشافعية
_vتراجم
_2aucsh
650 7 _aالفقه الشافعي
_2aucsh
700 1 _aسالم، مصطفى عبد الحفيظ
_eمحقق.
740 0 _aفهارس كتاب المغني في الأنباء عن غريب المهذب والأسماء.
942 _2ddc
_cBOOK
_n0
949 _aSA-JeALM
_d250211
_uosman123
_n1
999 _c5937
_d5937